00422nam a22001097a 4500082001200000100004400012245011200056260004200168520003300210650004200243700002700285 a542 INS aIn Seach of excellence towards......... aTraining Seminar on In search of excellence towards enhacement of quality and productivity in laboratories aColombobInstitute of chemistryc2006 aTraining Seminar Feb.23 2006 aseminar reports,quality,productivity  aWickramaratne,Sharmini